00383nam a2200121Ia 4500008004100000245004100041245001700082260000900099650001300108856004800121999001900169952007300188171211s9999 xx 000 0 und d aIBM Data Engine for Hadoop and Spark cIBM Redbooks c2016 xSOFTWARE uhttp://down.ebook777.com/063/0738441937.pdf c349311d349311 001040aCLbCLd2017-12-11l0r2017-12-11 00:00:00w2017-12-11yCBE